Z úcty k bojovníkom Pohľadnica zo Pskova

Bibliographic Details
Main Author: Nittmann, Rudolf, 1928-1988 (Author)
Format: Article
Language:Slovak
Subjects:

MARC

LEADER 00000nab a2200000 a 4500
001 vtls000053612
003 SK-MaSNL
005 20260304180904.0
008 180405c1980 xo 0 slo
015 |a SNBRB19rr/mm-uuuuu 
035 |a CL0063709 
040 |a SNKBUCL  |b slo  |c SNKBUCL  |e AACR2 
041 0 |a slo 
044 |a xo  |c SK 
080 |a 947  |2 1981 
100 1 |a Nittmann, Rudolf,  |d 1928-1988  |4 aut  |9 193873 
245 1 0 |a Z úcty k bojovníkom  |b Pohľadnica zo Pskova  |c Rudolf Nittmann 
650 0 7 |a druhá svetová vojna (1939-1945)  |2 snkbucl  |9 169657 
650 0 7 |a Pskov (ZSSR)  |2 snkbucl  |9 1510804 
655 7 |a články z novín a časopisov  |2 snkbucl  |9 267496 
773 0 |t Pravda  |g Roč. 61, č. 46 (23. 2. 1980), s. 6 
850 |a Slovenská národná knižnica v Martine  |a MTA001 
852 |a SNK  |b KIS3GCP 
958 |a RK 
992 |a RBX 
999 |c 3020413  |d 3022343